Kansas City Royals Players 2019 - Statistics

General Stats
  • This quiz has been taken 52 times
    47 since last reset
  • The average score is 8 of 51
Answer Stats
Position Country Name % Correct
Second Base/Outfield United States Whit Merrifield
64%
Left Field United States Alex Gordon
62%
Pitcher United States Danny Duffy
59%
Third Base United States Hunter Dozier
46%
Shortstop United States Adalberto Mondesi
44%
Outfield Cuba Jorge Soler
41%
Second Base United States Nicky Lopez
38%
Pitcher Puerto Rico Jorge Lopez
36%
Pitcher United States Brad Keller
33%
Catcher United States Cam Gallagher
31%
First Base United States Ryan O'Hearn
31%
Outfield/Pinch Runner United States Terrance Gore
31%
Third/First Base Nicaragua Cheslor Cuthbert
21%
Pitcher United States Ian Kennedy
21%
Outfield United States Billy Hamilton
15%
Pitcher United States Jakob Junis
15%
First Base United States Lucas Duda
15%
Utility United States Ryan McBroom
15%
Centre Field United States Bubba Starling
13%
Catcher Puerto Rico Martin Maldonado
13%
Pitcher United States Scott Barlow
13%
Pitcher United States Homer Bailey
8%
Right Field Dominican Republic Jorge Bonifacio
8%
Catcher Colombia Meibrys Viloria
8%
Pitcher United States Mike Montgomery
8%
First Base United States Frank Schwindel
5%
Shortstop Venezuela Humberto Arteaga
5%
Pitcher United States Jake Diekman
5%
Pitcher United States Jesse Hahn
5%
Third Base Dominican Republic Kelvin Gutierrez
5%
Catcher United States Nick Dini
5%
Pitcher United States Richard Lovelady
5%
Pitcher United States Tim Hill
5%
Pitcher Dominican Republic Wily Peralta
5%
Pitcher United States Ben Lively
3%
Pitcher United States Brad Boxberger
3%
Centre Field United States Brett Phillips
3%
Pitcher United States Brian Flynn
3%
Pitcher United States Chris Ellis
3%
Right Field/Second Base United States Chris Owings
3%
Pitcher United States Eric Skoglund
3%
Pitcher United States Gabe Speier
3%
Pitcher United States Glenn Sparkman
3%
Pitcher United States Heath Fillmyer
3%
Pitcher United States Jacob Barnes
3%
Pitcher United States Jake Newberry
3%
Pitcher United States Josh Staumont
3%
Pitcher United States Kevin McCarthy
3%
Pitcher United States Kyle Zimmer
3%
Pitcher Dominican Republic Randy Rosario
3%
Outfield Dominican Republic Erick Mejia
0%
No matching quizzes found
Score Distribution
Percent of People with Each Score
Percentile by Number Answered
Your Score History
You have not taken this quiz since the last reset